1426 1135 1314 1640 1813 1275 1126 1514 1974 1618 1883 1062 1027 1938 1055 1268 1409 1583 1469 1574 1329 1739 1595 1730 1784 1499 1407 1061 1965 1777 1482 1502 1449 1614 1307 1199 1035 1092 1191 1198 1171 1642 1259 1011 1702 1243 1833 1074 1830 1200 1876 1774 1338 1542 1690 1505 1437 1438 1850 1921 1238 1736 1910 1353 1499 1876 1954 1286 1516 1821 1567 1065 1472 1702 1954 1873 1786 1263 1419 1434 1170 1292 1960 1414 1406 1680 1561 1978 1250 1353 1301 1396 1834 1782 1275 1170 1526 1569 1041 BCNSPRNW ULIB Ver.6.0+V

เปลี่ยนเป็นภาษาไทย

Change to English
 แสดงรายละเอียดบรรณานุกรม
  กลับหน้าหลัก

Brief Record : Get Marc (ISO 2709) : E-mail record : QR code < ปิดหน้าต่าง
LEADER : 00000nam 2200000uu 4500
001    13399120904
003     ULIB
008    121024s2547||||th 000 0 tha d
020    ^a9746108816 (ล.1)
050  4 ^aHQ793^bส719พ ล.1
110 1  มหาวิทยาลัยสุโขทัยธรรมาธิราช.^bสาขาวิชาคหกรรมศาสตร์
245 00 ^aพัฒนาการวัยรุ่นและการอบรม หน่วยที่ 1-8=^bAdolescent development and upbringing /^cสาขาวิชาคหกรรมศาสตร์ มหาวิทยาลัยสุโขทัยธรรมาธิราช
246 31 ^aAdolescent development and upbringing
250    ^aพิมพ์ครั้งที่ 9
260    ^aกรุงเทพฯ :^bฝ่ายการพิมพ์ มสธ.,^c2547
300    ^a2 เล่ม
500    ^aเอกสารการสอนชุดวิชาพัฒนาการวัยรุ่นและการอบรม
650  4 ^aเด็ก^xการบริบาลและสุขวิทยา
650  4 ^aวัยรุ่น
710 2  ^aมหาวิทยาลัยสุโขทัยธรรมาธิราช. ^bสาขาวิชาคหกรรมศาสตร์
740 02 ^aเอกสารการสอนชุดวิชาพัฒนาการวัยรุ่นและการอบรม
945    ^p0^l0^i24446
995    ^aทศพร
999    ^aทศพร เกษรทอง
รายการนี้ยังไม่มีแท็ก
คุณยังไม่ได้ล็อกอิน คุณสามารถมีกิจกรรมร่วมกับเว็บไซต์ได้ แต่ต้องล็อกอินก่อน ::
  ล็อกอิน

รายการสื่อสารสนเทศ

ลำดับที่ ประเภท เลขเรียก/บาร์โค้ด สถานที่ สถานะ
1. วิทยาศาสตร์การแพทย์ และสุขภาพ
วิทยาศาสตร์การแพทย์ และสุขภาพ
HQ793 ส719พ ล.1 ฉ.1 
  Barcode: 24446
ห้องสมุดวิทยาเขตสวรรค์ประชารักษ์
►หนังสือทั่วไป
บนชั้น

รายการใกล้เคียง
    หัวเรื่อง [วัยรุ่น]

BibComment


ยังไม่เคยถูกคอมเมนท์

คอมเมนท์ทรัพยากรรายการนี้
  คอมเมนท์: พัฒนาการวัยรุ่นแ..


 Copyright 2026. Bcnsprnw @Library